| 000 | 02027nam0a2200349 4500 | ||
|---|---|---|---|
| 001 | RU\NLR\bibl\1793324 | ||
| 005 | 20260407104944.0 | ||
| 010 |
_a978-5-8354-0768-2 _91000 |
||
| 021 |
_aRU _b2011-49648 _93540 |
||
| 035 | _a(NLR Aleph) 001784014 | ||
| 090 |
_a1715582 _c1715582 |
||
| 100 | _a20110801d2011 |||y0rusy50 ca | ||
| 101 | 0 | _arus | |
| 102 | _aRU | ||
| 105 | _ay ||||||||| | ||
| 200 | 1 |
_aАдминистративные процедуры и контроль в свете европейского опыта _dLes procédures administratives et le contrôle adninistratif à la lumière de l'expérience européenne _dAdministrative procedures and control in the light of european experience _e[сборник] _fИн-т законодательства и сравнит. правоведения при Правительстве Рос. Федерации, Ун-т Париж 1 Пантеон-Сорбонна _gпод ред. Т.Я. Хабриевой и Ж. Марку _zfre _zeng |
|
| 210 |
_aМосква _cСтатут _d2011 |
||
| 215 |
_a316, [1] с. _d21 |
||
| 320 | _aБиблиогр. в подстроч. прим. | ||
| 510 | 0 |
_aAdministrative procedures and control in the light of european experience _zeng |
|
| 510 | 0 |
_aLes procédures administratives et le contrôle adninistratif à la lumière de l'expérience européenne _zfre |
|
| 606 | 1 |
_aАдминистративное право _jСборники _xСравнительно-правовые исследования _92238660 _3RU\NLR\auth\661343399 |
|
| 686 | _aХ99я43 | ||
| 702 | 1 |
_4340 _8rus _7ca _aХабриева _bТ. Я. _f1958- _gТалия Ярулловна _3RU\NLR\auth\7718776 _91852 |
|
| 702 | 1 |
_aМарку _bЖ. _4340 |
|
| 712 | 0 | 2 |
_4570 _aИнститут законодательства и сравнительного правоведения _cМосква _3RU\NLR\AUTH\889936225 _9367278 |
| 801 | 0 |
_aRU _bNLR _c20110801 _gRCR |
|
| 801 | 1 |
_aRU _bNLR _c20110801 |
|
| 942 | _cBOOK | ||
| 980 | _aNB | ||
| 980 | _aNBR | ||